Výsledky v chove matiek za posledné obdobie

Podrobná bibliografia
Hlavný autor: PaS (Autor)
Médium: Článok
Jazyk:slovenčina

MARC

LEADER 00000nab a2200000ua 4500
001 vtls010755675
003 SK-MaSNL
005 20260304200504.0
008 250718s1975 xo |||||||||||||||||slo|
035 |a (urnnbn)urn:nbn:sk:snk:ar-a0022l 
035 |a (uuid)4ef032ed-1fa0-4069-86b2-00d70589d4a2 
035 |a urn:nbn:sk:snk-ab4zcv 
040 |a SNKBUCL  |b slo  |c SNKBUCL  |e AACR2 
041 0 |a slo 
044 |a xo  |c SK 
100 1 |a PaS.  |4 aut  |9 1132924 
245 1 0 |a Výsledky v chove matiek za posledné obdobie  |c Pas. 
773 0 |t Včelár : odborný časopis Povereníctva poľnohospodárstva a lesného hospodárstva a Ústredia včelárskych združení na Slovensku  |g Roč. 49, č. 3 (1975), s. 55 
850 |a Slovenská národná knižnica 
852 |a Slovenská národná knižnica 
954 |a odborná, vedecká literatúra pôvodná (slovenská)  |2 lita 
958 |a article3 
958 |a OND 
958 |a EUIPO 
999 |c 3088694  |d 3090624